000 01012nam a22002530a 4500
001 PT1995
003 AR-LpoUNG
005 20210131225932.0
008 191001s1997||||ck |||||||||||||||||spa d
020 _a9586700844
_c$8
040 _aAR-LpoUNG
_bspa
_cAR-LpoUNG
_eaacr
041 _aspa
044 _ack
082 0 _a410 379A
100 1 _aMartínez, María Cristina
245 1 0 _aAnalisis del discurso :
_bcohesión, coherencia y estructura semántica de los textos expositivos
260 _aCali :
_bUniversidad del Valle,
_c1997.
300 _a164 p. :
_bgráfs., il.
520 _aEl texto pretende dar herramientas, tanto al profesor como al investigador, para un analisis , descriptivo con proyección explicativa, de algunos niveles del discurso escrito a partir de la integración de los aportes de la lingüística textual, del análisis del discurso y la semántica cognoscitiva.
650 4 _aLINGÜISTICA
651 4 _aDOCUMENTOS TEORICOS O METODOLOGICOS
905 _a1995
942 _cLIB
999 _c604
_d604